Les 15 meilleurs passeurs de la Ligue des Champions - Statistiques

Statistiques générales
  • Ce quiz a été pris 94 fois
    10 depuis la dernière actualisation
  • Le résultat moyen est 15 sur 15
Statistiques - réponses
RANG JOUEUR PERIODE CLUB(S) PASSES % Correct
11 Andrés Iniesta 2001-2024 FC Barcelone (29) 29
100%
2 Angel Di María 2005- SL Benfica (4), Real Madrid (14), PSG (20), Juventus (3) 41
100%
1 Cristiano Ronaldo 2002- Manchester United (8), Real Madrid (29), Juventus (5) 42
100%
10 Karim Benzema 2005- Olympique Lyonnais (2), Real Madrid (27) 29
100%
6 Kevin De Bruyne 2008- Manchester City (29), SSC Napoli (2) 31
100%
15 Kylian Mbappé 2016- PSG (23), Real Madrid (2) 25
100%
3 Lionel Messi 2004- FC Barcelone (36), PSG (4) 40
100%
4 Neymar Jr 2009- FC Barcelone (17), PSG (16) 33
100%
7 Ryan Giggs 1991-2014 Manchester United (31) 31
100%
9 Thomas Müller 2008- Bayern Munich (30) 30
100%
5 Vinícius Júnior 2017- Real Madrid (32) 32
100%
8 Xavi 1997-2019 FC Barcelone (30) 30
100%
13 Zlatan Ibrahimović 1999-2023 Ajax Amsterdam (2), Juventus (4), Inter Milan (3), FC Barcelone (2), AC Milan (4), PSG (11) 26
100%
12 Cesc Fàbregas 2003-2023 Arsenal (15), FC Barcelone (5), Chelsea (6) 26
88%
14 Luis Suárez 2005- Ajax Amsterdam (4), FC Barcelone (22) 26
75%
Aucun quiz correspondant
Distribution des résultats
% des personnes avec chaque résultat
Percentile par nombre de réponses
Votre historique - résultats
Vous n’avez pas pris ce quiz depuis la dernière actualisation